<?xml version="1.0" encoding="UTF-8"?><?xml-stylesheet type="text/xsl" href="static/style.xsl"?><OAI-PMH xmlns="http://www.openarchives.org/OAI/2.0/" xmlns:xsi="http://www.w3.org/2001/XMLSchema-instance" xsi:schemaLocation="http://www.openarchives.org/OAI/2.0/ http://www.openarchives.org/OAI/2.0/OAI-PMH.xsd"><responseDate>2026-04-27T21:55:09Z</responseDate><request verb="GetRecord" identifier="oai:uvadoc.uva.es:10324/60372" metadataPrefix="marc">https://uvadoc.uva.es/oai/request</request><GetRecord><record><header><identifier>oai:uvadoc.uva.es:10324/60372</identifier><datestamp>2025-03-05T12:04:57Z</datestamp><setSpec>com_10324_1190</setSpec><setSpec>com_10324_931</setSpec><setSpec>com_10324_894</setSpec><setSpec>col_10324_1969</setSpec></header><metadata><record xmlns="http://www.loc.gov/MARC21/slim" xmlns:doc="http://www.lyncode.com/xoai" xmlns:xsi="http://www.w3.org/2001/XMLSchema-instance" xmlns:dcterms="http://purl.org/dc/terms/" xsi:schemaLocation="http://www.loc.gov/MARC21/slim http://www.loc.gov/standards/marcxml/schema/MARC21slim.xsd">
<leader>00925njm 22002777a 4500</leader>
<datafield tag="042" ind1=" " ind2=" ">
<subfield code="a">dc</subfield>
</datafield>
<datafield tag="720" ind1=" " ind2=" ">
<subfield code="a">Sola Alonso, José Ramón</subfield>
<subfield code="e">author</subfield>
</datafield>
<datafield tag="720" ind1=" " ind2=" ">
<subfield code="a">Ramos Carranza, Amadeo</subfield>
<subfield code="e">author</subfield>
</datafield>
<datafield tag="720" ind1=" " ind2=" ">
<subfield code="a">González Fraile, Eduardo Miguel</subfield>
<subfield code="e">author</subfield>
</datafield>
<datafield tag="720" ind1=" " ind2=" ">
<subfield code="a">González Cubero, María Josefa</subfield>
<subfield code="e">author</subfield>
</datafield>
<datafield tag="720" ind1=" " ind2=" ">
<subfield code="a">Añón Abajas, Rosa</subfield>
<subfield code="e">author</subfield>
</datafield>
<datafield tag="260" ind1=" " ind2=" ">
<subfield code="c">2020</subfield>
</datafield>
<datafield tag="520" ind1=" " ind2=" ">
<subfield code="a">El PID nº 139 se sustancia en la investigación sobre un posible método en la enseñanza de los “Proyectos de arquitectura”. El PID supuso el desarrollo y perfeccionamiento del efectuado en el curso 2017-18 y al que no se le pudo dar continuidad por la licencia por estudios en la Universidad de Nueva York que alcancé en el curso 18-19. Se incorporaron cambios sustanciales como el aprendizaje acumulado en mi estancia en USA (SUNY 2018-2019) y la creación de una comunidad de aprendizaje común y colaborativa con la Universidad de Sevilla y otros miembros de diferentes Departamentos de la ETSA. Con la aplicación y desarrollo de los Sistemas de Representación Neurolingüísticos (visual, auditiva, y cinestésica) se situaba al alumno, no solo ante el conocimiento de otros, sino ante el doble objetivo de reconocer, crear y comunicar el conocimiento, es decir su Proyecto de Arquitectura. A través de la forma en que se percibe y trasmite el mundo se afronta la creación arquitectónica, entendiendo a la Arquitectura como instrumento de comunicación de una idea mediante la manera en que el mundo es percibido, convirtiéndose en activo propio del Proyecto de Arquitectura.</subfield>
</datafield>
<datafield tag="024" ind2=" " ind1="8">
<subfield code="a">https://uvadoc.uva.es/handle/10324/60372</subfield>
</datafield>
<datafield tag="245" ind1="0" ind2="0">
<subfield code="a">Informe Final Sistemas perceptivos como instrumento del proyecto de arquitectura</subfield>
</datafield>
</record></metadata></record></GetRecord></OAI-PMH>